00631nam a22001697a 4500003000900000008004100009040007100050082001800121100002200139245003500161260004700196300002800243440002600271505012900297650001400426650002100440AR-CdUCM190510b ||||| |||| 00| 0 spa d aMUNICIPALIDAD PROVINCIAL DEL CUSCOcBIBLIOTECA MUNICIPAL DEL CUSCO a927.8 /bR297 aRecio Agüero, P aSchumann su vida y sus obras / aParis :bCasa editorial hispano Americana, a190 páginas ;c23 cm. aLos grandes músicos aContenido : Vida de Roberto Schumann -- Primera enseñanza del maestro -- Lecturas literarias -- La levadura romántica... aBiografia aObras literarias